| 000 | 00730nam a22002297a 4500 | ||
|---|---|---|---|
| 003 | OSt | ||
| 005 | 20251216090619.0 | ||
| 008 | 251216b |||||||| |||| 00| 0 eng d | ||
| 020 | _a991-91080-1-8 | ||
| 040 |
_aDWCL-Main lib. _cOC |
||
| 082 | _aFil. 959.9046 D561 1988 | ||
| 100 | _aDe Dios, Aurora J. | ||
| 245 |
_aDictatorship and revolution : _b roots of people's power/ _cAurora J. De Dios |
||
| 260 |
_aPhilippines : _b Conspectus, _c c1988. |
||
| 300 |
_axvi 902 p. ; _c 22 cm. |
||
| 504 | _ainclude bibliography and index. | ||
| 650 | _a1. Phil.- History-1966-1988. | ||
| 650 | _a2. Phil.-Dictatorship-1972-1986. | ||
| 700 | _aDaroy, Petronilo | ||
| 700 | _aTirol, Lorna K. | ||
| 942 |
_2ddc _cBK - FIL _hFil. _n0 |
||
| 999 |
_c7146 _d7146 |
||